000 00428nam a22001697a 4500
005 20160520104142.0
008 160520b xxu||||| |||| 00| 0 eng d
020 _a978-81-203-1246-3
041 _aeng
082 _b3387
100 _aOppenneim A.V. & Willsky A.S.
_9849
245 _aSignals and Systems
260 _aNew Delhi
_bPHI learning Pvt. Ltd.
300 _a957
650 _aDIPLOMA ENGINEERING
_9817
942 _cBK
999 _c1164
_d1164